000 00240nam a2200097Ia 4500
001 796695
005 20250826170753.0
008 250824s9999 xx 000 0 und d
245 0 _aALTIN IŞIK
_cZİYA GÖKALP
260 _bSEDİR YAYINLARI A.Ş.
999 _c796695
_d796695